| 000 | 01830nam a2200397 i 4500 | ||
|---|---|---|---|
| 001 | 60771 | ||
| 003 | CO-BoRNBP | ||
| 005 | 20260317222358.0 | ||
| 007 | ta | ||
| 008 | 210826r20242015ck a br 000 pdspa d | ||
| 020 | _a9789587434729 | ||
| 040 |
_aCO-BoRNBP _bspa _erda _cCO-BoRNBP |
||
| 041 | 0 | _aspa | |
| 043 | _as-ck--- | ||
| 084 | _aP | ||
| 245 | 0 | 0 |
_aAntología de poesía colombiana para niños / _cselección y prólogo de Beatriz Helena Robledo ; ilustraciones de Sandra Ardila. |
| 250 |
_aPrimera edición. _bDecimosegunda reimpresión |
||
| 264 | 1 |
_aBogotá, Colombia : _bEditorial Santillana, _b2015, _c2024. |
|
| 300 |
_a143 páginas : _bilustraciones en blanco y negro ; _c20 cm. |
||
| 336 |
_atexto _btxt _2rdacontent |
||
| 337 |
_asin mediación _bn _2rdamedia |
||
| 338 |
_avolumen _bnc _2rdacarrier |
||
| 490 | 0 | _aPoesía | |
| 500 | _aIncluye datos biográficos de los autores. | ||
| 500 | _aLa edición de 2024, es la decimosegunda reimpresión de la primera edición de 2015. | ||
| 504 | _aIncluye bibliografía. | ||
| 520 | 1 | _aEste libro de poemas para niños ofrece una muestra de diversas voces en las que los poetas colombianos han cantado a la infancia. Algunos lo han hecho desde su memoria infantil, otros recreando imágenes, sensaciones, juegos y personajes propios del universo imaginario del pequeño lector. (Tomado de la fuente). | |
| 521 | 1 | _aRecomendado para un público infantil mayor de 8 años. | |
| 650 | 1 | 7 |
_aPoesía infantil colombiana _vAntologías _2rnbp _969499 |
| 650 | 1 | 7 |
_aLiteratura infantil colombiana _2rnbp _934 |
| 650 | 1 | 7 |
_aImaginación en la literatura _2rnbp _vPoesía _969500 |
| 700 | 1 |
_aRobledo, Beatriz Helena, _d1958- , _ecom _92606 |
|
| 700 | 1 |
_aArdila Zúñiga, Sandra, _eill _969501 |
|
| 830 | 0 |
_aMujeres escritoras colombianas _968119 |
|
| 942 |
_2loc _cBKLITI _n0 |
||
| 999 |
_c60771 _d60771 |
||